Statistics for Finland EURO Squad Team

Click here to take the quiz!

General Stats

  • This quiz has been taken 3 times
  • The average score is 9 of 22

Answer Stats

HintAnswer% Correct
Norwich City FC (ST)Teemu Pukki
100%
Bayer Leverkusen (GK)Lukáš Hrádecky
67%
Górnik Zabrze (CB)Richard Jensen
67%
Hamburger SV (CM)Anssi Suhonen
33%
Cracovia (CB)Arttu Hoskonen
33%
Cracovia (ST)Benjamin Källman
33%
FC Augsburg (CM)Fredrik Jensen
33%
Rangers FC (CM)Glen Kamara
33%
Dundee United (CM)Ilmari Niskanen
33%
Venezia FC (GK)Jesse Joronen
33%
Austin FC (CB)Leo Väisänen
33%
Middlesbrough (ST)Marcus Forss
33%
HJK Helsinki (CB)Matti Peltola
33%
Warta Poznań (CM)Niilo Mäenpää
33%
Volos FC (CB)Nikolai Alho
33%
FC Groningen (CM)Oliver Antman
33%
HJK Helsinki (CM)Pyry Soiri
33%
Djurgården (CM)Rasmus Schüller
33%
Warta Poznań (CB)Robert Ivanov
33%
Minnesota United (CM)Robin Lod
33%
HJK Helsinki (CB)Tuomas Ollila
33%
Aston Villa (GK)Viljami Sinisalo
33%

Score Distribution

Percentile by Number Answered

Percent of People with Each Score

Your Score History

You have not taken this quiz